00301nam a2200121Ia 45000030006000000080041000060400015000471000030000622450032000922600026001245460012001500050017001620STCL150530s9999 xx 000 0 und d aSTCLcSTCL aDryden; Ker, W.P.; Editor aEssays of John Dryden vol-2 bClarendon pressc1900 aEnglish20220125171147.0